000 00576nam a2200169Ia 4500
003 GCL
008 140319s9999 xx 000 0 ara d
040 _aGCL /
_cGCL
082 0 4 _a891.62
_bس د
100 1 _aسينج، جون ملنجتون
245 1 0 _aديدرى فتاه الأحزان /
_cسينج، جون ملنجتون
490 _aروائع المسرح العالمى
_v0
650 0 4 _aالادب الايرلندى
650 0 4 _aالمسرحيات الايرلندية
650 0 4 _aالمسرحيات الايرلندية المترجمة
942 _2ddc
_cBK
999 _c41862
_d41862